000 01877nam a2200337Ia 4500
999 _c53566
_d53566
001 20612
003 GE_BSU
005 20210225235523.0
008 181216s2006||||ge |||||||||||||| ||geo||
020 _a9994075535
040 _cGE_BSU
041 _ageo
080 _a2(042.4) რ-40
245 _aრელიგია, საზოგადოება და სახელმწიფო :
_b წაკითხულ ლექციათა მასალები /
_cრედ. ლევან აბაშიძე.
264 _aთბილისი :
_bბიბლიურ-თეოლოგიური ინ-ტის გამ-ბა,
_c2005 [2006].
300 _a164 გვ. ;
_c20 სმ.
653 _aრელიგია
653 _aრელიგია და სახელმწიფო
653 _a ქრისტიანობა
653 _aჰუმანიტარული ცნობიერება
653 _a რელიგიური შემწყნარებლობა
653 _a რელიგიური აღმსარებლობა
653 _a რუსეთის მართლმადიდებელი ეკლესია
653 _a რელიგიური კანონმდებლობა საქართველოში
653 _a რელიგია და არჩევნები უკრაინაში
653 _aრელიგია
653 _a საზოგადოება და სახელმწიფო
700 _aაბაშიძე, ლევან
_eრედაქტორი
_91268
710 _aჰაინრიხ ბიოლის ფონდის სამხეთ კავკასიის რეგიონალური ბიურო
_910258
942 _cBK
_2udc